| 000 | 00582nam a22001817a 4500 | ||
|---|---|---|---|
| 003 | CEME | ||
| 005 | 20210628202522.0 | ||
| 008 | 210209b xxu||||| |||| 00| 0 eng d | ||
| 020 | _a0-471-00454-5 | ||
| 040 | _c. | ||
| 082 | _a004.68 CHA | ||
| 100 |
_aOki, Eigi Lam, Cheuk.H Chao, Jonathan.H _960288 |
||
| 245 | _aBroadband packet switching technologies, a practical guide to atm switches and ip routers | ||
| 260 |
_aNEW YORK _bJHON WILEY _c2001 |
||
| 300 | _aXIII,459P | ||
| 650 |
_aIP ROUTERS; ATM SWITCHES AND IP ROUTERS; SWITCHING TECHNOLOGIES _960289 |
||
| 942 |
_cBK _2ddc |
||
| 999 |
_c570054 _d570054 |
||